<?xml version="1.0" encoding="UTF-8"?><?xml-stylesheet type="text/xsl" href="static/style.xsl"?><OAI-PMH xmlns="http://www.openarchives.org/OAI/2.0/" xmlns:xsi="http://www.w3.org/2001/XMLSchema-instance" xsi:schemaLocation="http://www.openarchives.org/OAI/2.0/ http://www.openarchives.org/OAI/2.0/OAI-PMH.xsd"><responseDate>2026-04-17T12:51:18Z</responseDate><request verb="GetRecord" identifier="oai:www.recercat.cat:10230/70570" metadataPrefix="marc">https://recercat.cat/oai/request</request><GetRecord><record><header><identifier>oai:recercat.cat:10230/70570</identifier><datestamp>2025-06-01T00:24:51Z</datestamp><setSpec>com_2072_6</setSpec><setSpec>col_2072_452952</setSpec></header><metadata><record xmlns="http://www.loc.gov/MARC21/slim" xmlns:dcterms="http://purl.org/dc/terms/" xmlns:xsi="http://www.w3.org/2001/XMLSchema-instance" xmlns:doc="http://www.lyncode.com/xoai" xsi:schemaLocation="http://www.loc.gov/MARC21/slim http://www.loc.gov/standards/marcxml/schema/MARC21slim.xsd">
   <leader>00925njm 22002777a 4500</leader>
   <datafield ind2=" " ind1=" " tag="042">
      <subfield code="a">dc</subfield>
   </datafield>
   <datafield ind2=" " ind1=" " tag="720">
      <subfield code="a">Pané Mena, Olga</subfield>
      <subfield code="e">author</subfield>
   </datafield>
   <datafield ind2=" " ind1=" " tag="720">
      <subfield code="a">Gomar, Pau</subfield>
      <subfield code="e">author</subfield>
   </datafield>
   <datafield ind2=" " ind1=" " tag="260">
      <subfield code="c">2025-05-30T06:04:19Z</subfield>
   </datafield>
   <datafield ind2=" " ind1=" " tag="260">
      <subfield code="c">2025-05-30T06:04:19Z</subfield>
   </datafield>
   <datafield ind2=" " ind1=" " tag="260">
      <subfield code="c">2024</subfield>
   </datafield>
   <datafield ind2=" " ind1=" " tag="520">
      <subfield code="a">La captación y la retención de profesionales en los centros sanitarios de gestión indirecta y de gestión privada obedecen a un marco de regulación distinto del de las instituciones de gestión directa. Ese marco legal es el Estatuto de los Trabajadores, que contiene sus propios elementos reguladores en cuanto a capacidad de negociación y condiciones básicas generales. El marco regulador del Estatuto de los Trabajadores permite una amplia capacidad de gestión, negociación y pacto, en el ámbito de la gestión de los recursos humanos, en los procesos de captación, selección y retención, pero desde hace algunos años se han ido incorporando legislaciones básicas e intervenciones de los órganos de control públicos que han modificado esa discrecionalidad para las entidades de gestión indirecta, acercándolas cada vez más al sistema de gestión administrativa para funcionarios/estatutarios, y limitando en consecuencia la capacidad de decisión y adaptación propias de la gestión empresarial o privada. Se analizan las similitudes y las diferencias de los distintos ámbitos de gestión, y se exploran las debilidades y las oportunidades de cada uno de ellos en cuanto a políticas de captación, selección y retención, ofreciendo una reflexión específica en la selección de directivos y mandos, así como un análisis y una valoración de la retención de profesionales en las instituciones sanitarias.</subfield>
   </datafield>
   <datafield ind1="8" ind2=" " tag="024">
      <subfield code="a">http://hdl.handle.net/10230/70570</subfield>
   </datafield>
   <datafield tag="653" ind2=" " ind1=" ">
      <subfield code="a">Gestión de equipos institucional</subfield>
   </datafield>
   <datafield tag="653" ind2=" " ind1=" ">
      <subfield code="a">Sector privado</subfield>
   </datafield>
   <datafield tag="653" ind2=" " ind1=" ">
      <subfield code="a">Sector público</subfield>
   </datafield>
   <datafield tag="653" ind2=" " ind1=" ">
      <subfield code="a">Asociación sector público-privado</subfield>
   </datafield>
   <datafield tag="653" ind2=" " ind1=" ">
      <subfield code="a">Gestión de salud poblacional</subfield>
   </datafield>
   <datafield tag="653" ind2=" " ind1=" ">
      <subfield code="a">Selección de personal</subfield>
   </datafield>
   <datafield tag="653" ind2=" " ind1=" ">
      <subfield code="a">Reorganización del personal</subfield>
   </datafield>
   <datafield ind2="0" ind1="0" tag="245">
      <subfield code="a">Captación, selección y retención de profesionales sanitarios en entidades de gestión indirecta y de gestión privada. Informe SESPAS 2024</subfield>
   </datafield>
</record></metadata></record></GetRecord></OAI-PMH>